| 000 | 00679nam a2200193 i 4500 | ||
|---|---|---|---|
| 001 | 135131 | ||
| 003 | ES-MaACL | ||
| 005 | 20230906194819.0 | ||
| 007 | t| | ||
| 008 | 070710q19101919sp ||||1| spa d | ||
| 100 | 1 |
_aTittoni, Tomaso. _9110350 |
|
| 245 | 1 | 3 |
_aEl juicio de la historia sobre la responsabilidad de la guerra / _cpor Tomaso Tittoni ; con un prefacio de Gabriel Hanotaux. |
| 260 |
_aBarcelona : _bBloud y Gay, _c[1918?] |
||
| 300 |
_a124 p. ; _c20 cm. |
||
| 500 | _aPrecede al tít.: Páginas de actualidad 1914-1916. | ||
| 650 | 1 | 4 |
_aGuerra mundial, 1914-1918- _xCausas y antecedentes. _913216 |
| 700 | 1 |
_aHanotaux, Gabriel. _961744 |
|
| 852 |
_aES-MaACL _jF-4327 |
||
| 999 |
_c135131 _d135131 |
||